| 000 | 00431nam a2200157Ia 4500 | ||
|---|---|---|---|
| 005 | 20250424120304.0 | ||
| 008 | 250424s9999 xx 000 0 und d | ||
| 022 | _aGE 170 .J68/ | ||
| 050 | _aJournalm of environmental sciences and policy evaluation | ||
| 245 | 0 | _aGwagwalada, Abuja | |
| 260 | _a2018 insuderc academic publishers | ||
| 260 | _b2018 | ||
| 260 | _c67 p. :ill. ; 28 cm. | ||
| 300 | _aEnvironmental | ||
| 650 | _aSR | ||
| 999 |
_c38464 _d38464 |
||